Clave del éxito periodístico (Registre núm. 474)
[ vista simple ]
| 000 -CABECERA | |
|---|---|
| Longitud fija campo de control | 00356nam a2200145 a 4500 |
| 001 - NÚMERO DE CONTROL | |
| Número de control | 474 |
| 003 - IDENTIFICADOR DEL NÚMERO DE CONTROL | |
| Identificador del número de control | CDMR |
| 005 - FECHA Y HORA DE LA ÚLTIMA TRANSACCIÓN | |
| Fecha y hora de la última transacción | 20130116135155.0 |
| 008 - CÓDIGOS DE INFORMACIÓN DE LONGITUD FIJA | |
| Códigos de información de longitud fija | 130130s1965||||||||||||||||||||||||||||d |
| 040 ## - FUENTE DE LA CATALOGACIÓN | |
| Centro catalogador de origen | CDMR |
| Lengua de catalogación | cat |
| Centro transcriptor | CPC GIRONA |
| 100 1# - PUNTO DE ACCESO PRINCIPAL-NOMBRE DE PERSONA | |
| Nombre de persona | Gaitán, Efraín |
| 9 (RLIN) | 333 |
| 245 10 - MENCIÓN DE TÍTULO | |
| Título | Clave del éxito periodístico |
| Mención de responsabilidad, etc. | Gaitán, Efraín |
| 260 ## - PUBLICACIÓN, DISTRIBUCIÓN, ETC. (PIE DE IMPRENTA) | |
| Fecha de publicación, distribución, etc. | 1965 |
| Nombre del editor, distribuidor, etc. | Herder |
| 942 ## - ENTRADA DE ELEMENTOS AGREGADOS (KOHA) | |
| Koha [por defecto] tipo de item | Monografies |
No hi ha exemplars disponibles.